THE ALL ENGLAND LAW REPORTS (Record no. 619549)

MARC details
000 -LEADER
fixed length control field 00460nam a2200169 a 4500
008 - FIXED-LENGTH DATA ELEMENTS--GENERAL INFORMATION
fixed length control field 260416s2026##################000#0#eng##
020 ## - INTERNATIONAL STANDARD BOOK NUMBER
ISBN 9780406850973
Paper back/Hardbound hbk
041 ## - LANGUAGE CODE
Language code of text/sound track or separate title eng
082 04 - DEWEY DECIMAL CLASSIFICATION NUMBER
Classification number 348.42 ALL.2
245 10 - TITLE STATEMENT
Title THE ALL ENGLAND LAW REPORTS
Statement of responsibility, etc /edited by Paul H NieKirk MA
260 ## - PUBLICATION, DISTRIBUTION, ETC. (IMPRINT)
Place of publication London
Name of publisher Butterworths
Year of publication 2003
300 ## - PHYSICAL DESCRIPTION
Number of Pages 896p. :
Dimensions 26cm.
490 ## - SERIES STATEMENT
Volume number/sequential designation vol. 2
650 ## - SUBJECT ADDED ENTRY--TOPICAL TERM
Topical Term Laws, regulations & cases
942 ## - ADDED ENTRY ELEMENTS (KOHA)
Koha item type English Books
Holdings
Withdrawn status Lost status Damaged status Not for loan Home library Current library Shelving location Date acquired Full call number Accession Number Price effective from Koha item type
        Anna Centenary Library Anna Centenary Library 4TH FLOOR, A WING 16.04.2026 348.42 ALL.2 400724 16.04.2026 English Books

Find us on the map